Cuaderno del CENEP /
Enregistré dans:
| Format: | Livre |
|---|---|
| Langue: | Spanish |
| Publié: |
Buenos Aires, Argentina:
CENEP,
|
| Sujets: | |
| Tags: |
Ajouter un tag
Pas de tags, Soyez le premier à ajouter un tag!
|
MARC
| LEADER | 00000nam a22000007a 4500 | ||
|---|---|---|---|
| 003 | cru CIDCACS/IIS | ||
| 005 | 20231204115100.0 | ||
| 007 | ta | ||
| 008 | 231204b |||||||| |||| 00| 0 spa d | ||
| 040 | |c cru CIDCACS/IIS | ||
| 090 | |a REV0216 | ||
| 245 | 1 | |a Cuaderno del CENEP / |c Centro de Estudios de Población | |
| 260 | |a Buenos Aires, Argentina: |b CENEP, | ||
| 500 | |a PERIODICIDAD : Irregular EXISTENCIAS : 1980 (12) 1982 (23) 1983 (24) 1986 (36, 37) 1987 (n. esp) 1988 (40) 1989 (42) 1990 (43) 1992 (46-47) 1993 (48-49) 1994 (50) 1995 (51) 1997 (52) 2006 (54) | ||
| 650 | 1 | 0 | |a MUJERES |9 88 |
| 650 | 1 | 0 | |a MIGRACION INTERNA |9 5879 |
| 650 | 4 | |a MIGRACION INTERNACIONAL |9 4495 | |
| 650 | 1 | 0 | |a MEDIO AMBIENTE |9 341 |
| 650 | 1 | 0 | |a SOCIEDAD |9 26 |
| 650 | 1 | 0 | |a CONTROL SOCIAL |9 419 |
| 650 | 4 | |a CRECIMIENTO DEMOGRAFICO |9 2678 | |
| 651 | 1 | 0 | |9 17 |a AMERICA LATINA |
| 942 | |2 ddc |c PP | ||
| 999 | |c 45389 |d 45389 | ||
